| 000 | 00813nam a2200193Ia 4500 | ||
|---|---|---|---|
| 999 |
_c44449 _d44449 |
||
| 003 | GCL | ||
| 005 | 20240530104056.0 | ||
| 008 | 140319s9999 xx 000 0 ara d | ||
| 040 |
_aGCL / _cGCL |
||
| 082 | 0 | 4 |
_a523.4 _bص ك |
| 100 | 1 | _aالصوفى ، عبدالرحمن بن محمد | |
| 245 | 1 | 0 |
_aكتاب صور الكواكب الثمانية والاربعين : _bو تلية ارجوزة ابن الصوفى / _cتاليف ابى الحسن عبدالرحمن بن عمر الرازى ( المعروف بالصوفى ) ؛ تحقيق لجنة احياء التراث العربى |
| 260 |
_aبيروت : _bدار الافاق الجديدة ، |
||
| 300 | _a302 ص | ||
| 650 | 0 | 4 | _aالفلك الوصفى |
| 650 | 0 | 4 | _aالكواكب |
| 650 | 0 | 4 | _aالمجموعة الشمسية |
| 942 |
_2ddc _cBK |
||